Medical Microbiology and Parasitology (Record no. 518)

MARC details
000 -LEADER
Fixed length control field 00566nam a2200217Ia 4500
003 - CONTROL NUMBER IDENTIFIER
Control field IIN
005 - DATE AND TIME OF LATEST TRANSACTION
Control field 20240122163033.0
008 - FIXED-LENGTH DATA ELEMENTS--GENERAL INFORMATION
Fixed length control field 231217s9999 xx 000 0 und d
020 ## - INTERNATIONAL STANDARD BOOK NUMBER / ISBN
Price Rs.695.00
International Standard Book Number 9788131261194
040 ## - CATALOGING SOURCE
Original cataloging agency IIN
Language of cataloging English
082 ## - DEWEY DECIMAL CLASSIFICATION NUMBER
Classification number 616.9041
Book Number NAG
100 1# - MAIN ENTRY--PERSONAL NAME
Personal name Nagoba, B.S.
245 1# - TITLE STATEMENT
Title Medical Microbiology and Parasitology
Statement of responsibility B.S. Nagoba and Asha Pichare
250 ## - EDITION STATEMENT
Edition statement .-4th ed
260 ## - IMPRINT
Name of publisher Elsevier
Place of publication New Delhi
Date of publication 2020
300 ## - PHYSICAL DESCRIPTION
Page / Vol. No xv, 829 p.
650 1# - SUBJECT ADDED ENTRY--TOPICAL TERM
Topical term Microbiology
650 1# - SUBJECT ADDED ENTRY--TOPICAL TERM
Topical term Parasitology
700 1# - ADDED ENTRY--PERSONAL NAME
Personal name Pichare, Asha
942 ## - ADDED ENTRY ELEMENTS (KOHA)
Koha item type Books
Holdings
Withdrawn status Lost status Source of classification Damaged status Not for loan Collection code Home library Current library Date acquired Price Total Checkouts Call number Accession number Date last seen Price effective from Koha item type Shelving location
    Dewey Decimal Classification       IDEAL INSTITUTE OF NURSING IDEAL INSTITUTE OF NURSING 17/12/2023 695.00   616.9041 NAG 513 17/12/2023 17/12/2023 Books  
    Dewey Decimal Classification       IDEAL INSTITUTE OF NURSING IDEAL INSTITUTE OF NURSING 17/12/2023 695.00   616.9041 NAG 514 17/12/2023 17/12/2023 Books  
    Dewey Decimal Classification       IDEAL INSTITUTE OF NURSING IDEAL INSTITUTE OF NURSING 17/12/2023 695.00   616.9041 NAG 515 17/12/2023 17/12/2023 Books  
    Dewey Decimal Classification       IDEAL INSTITUTE OF NURSING IDEAL INSTITUTE OF NURSING 17/12/2023 695.00   616.9041 NAG 516 17/12/2023 17/12/2023 Books  
    Dewey Decimal Classification       IDEAL INSTITUTE OF NURSING IDEAL INSTITUTE OF NURSING 17/12/2023 695.00   616.9041 NAG 517 17/12/2023 17/12/2023 Books  
    Dewey Decimal Classification     Purches Book IDEAL INSTITUTE OF NURSING IDEAL INSTITUTE OF NURSING 11/03/2025     616.9041 NAG 1876 09/04/2025 09/04/2025 Books General Stacks
© Ideal Institute Of Nursing, All rights reserved.         Powered by Koha